|
|
|
|
| LEADER |
00000nam0a2200000 4500 |
| 001 |
200146 |
| 005 |
20231101224933.0 |
| 010 |
|
|
|a 5020002453
|
| 035 |
|
|
|a (RuTPU)RU\TPU\book\218207
|
| 090 |
|
|
|a 200146
|
| 100 |
|
|
|a 20110901d1991 k y0rusy50 ca
|
| 101 |
0 |
|
|a rus
|
| 102 |
|
|
|a RU
|
| 105 |
|
|
|a a z 001zd
|
| 200 |
1 |
|
|a Сергей Иванович Вавилов
|e очерки и воспоминания
|f Академия наук СССР (АН СССР) ; под ред. И. М. Франка
|
| 205 |
|
|
|a 3-е изд., доп.
|
| 210 |
|
|
|a Москва
|c Наука
|d 1991
|
| 215 |
|
|
|a 375 с.
|c ил.
|
| 320 |
|
|
|a Указатель имен: с. 366-372.
|
| 600 |
|
1 |
|a Вавилов
|g Сергей Иванович
|b С. И.
|c российский ученый, физик
|f 1891-1951
|2 stltpush
|3 (RuTPU)RU\TPU\pers\476
|
| 606 |
1 |
|
|a Физики
|x Персоналии
|2 stltpush
|3 (RuTPU)RU\TPU\subj\67452
|9 83245
|
| 610 |
1 |
|
|a физика
|
| 610 |
1 |
|
|a очерки
|
| 610 |
1 |
|
|a воспоминания
|
| 610 |
1 |
|
|a жизнь
|
| 610 |
1 |
|
|a деятельность
|
| 675 |
|
|
|a 53(092)
|v 3
|
| 702 |
|
1 |
|a Франк
|b И. М.
|c российский физик
|c академик АН СССР
|f 1908-1990
|g Илья Михайлович
|2 stltpush
|3 (RuTPU)RU\TPU\pers\11890
|4 340
|9 2999
|
| 712 |
0 |
2 |
|a Академия наук СССР (АН СССР)
|2 stltpush
|3 (RuTPU)RU\TPU\col\722
|
| 801 |
|
1 |
|a RU
|b 63413507
|c 20110901
|
| 801 |
|
2 |
|a RU
|b 63413507
|c 20220217
|g RCR
|
| 942 |
|
|
|c BK
|